000 00643nam a2200253 a 4500
001 nice12345678
003 IN_TiNIC
005 20260116013517.0
008 050524s1983 dela grp 000 0 eng
020 _a
_c250
082 0 0 _a294.6
_bBAN
100 _aBanerjee, Anil Chandra
245 _aSikh Gurus the Sikh Religion
260 _aDelhi
_bMunshiram Manoharlal Pub
_c1983
300 _a370
500 _aincludes index and biblioraphy
505 2 _aGlossary, Notes, Bibliography
650 _aSikhism
650 _aSikhism-Glossary
700 1 _aBanerjee, Anil Chandra
902 _bSRS
942 _cBK
999 _c11277
_d11277